| 000 | 01008nam a22002777a 4500 | ||
|---|---|---|---|
| 999 |
_c64296 _d64296 |
||
| 005 | 20240530110724.0 | ||
| 008 | 180310s2016 ua ad f b 000 0 ara d | ||
| 017 |
_a2016/9164 _bمصر. دار الكتب |
||
| 020 | _a9789772769933 | ||
| 040 |
_aEG-CaGPL _cEG-CaGPL |
||
| 082 | 0 | 4 |
_221 _a303.625\ _bإ ف |
| 100 | 0 | _aاسماعيل عبدالفتاح عبدالكافى | |
| 245 | 1 | 0 |
_aفلسفة الارهاب والعنف من منظور دولى / _cاعداد اسماعيل عبدالفتاح عبدالكافى . |
| 250 | _aط.1 | ||
| 260 |
_aالقاهرة : _bالمكتب العربى للمعارف ، _c2017 . |
||
| 300 |
_a352 ص. ؛ _c24 سم. |
||
| 490 | 0 |
_aالعالم يفكر ويتأمل ؛ _v1 |
|
| 650 | 0 | 7 |
_2qrmak _aالتعصب |
| 650 | 0 | 7 |
_2qrmak _aالغضب |
| 650 | 0 | 7 |
_2qrmak _aالعنف |
| 650 | 0 | 7 |
_2qrmak _aالارهاب |
| 650 | 0 | 7 |
_2qrmak _aالتطرف الدينى |
| 651 | 0 | 7 | _2qrmak |
| 942 |
_2ddc _cBK |
||